<?xml version="1.0" encoding="UTF-8"?>
<collection xmlns="http://www.loc.gov/MARC21/slim">
 <record>
  <leader>04351nas a22006131  4500</leader>
  <controlfield tag="001">1/50415</controlfield>
  <controlfield tag="008">050306c20049999nyuqr1p           a0eng d</controlfield>
  <datafield tag="022" ind1=" " ind2=" ">
   <subfield code="a">1545-5971</subfield>
  </datafield>
  <datafield tag="035" ind1=" " ind2=" ">
   <subfield code="l">27380</subfield>
  </datafield>
  <datafield tag="040" ind1=" " ind2=" ">
   <subfield code="a">DLC</subfield>
   <subfield code="b">GR-PeUP</subfield>
  </datafield>
  <datafield tag="090" ind1=" " ind2=" ">
   <subfield code="a">Αλφαβητική σειρά</subfield>
  </datafield>
  <datafield tag="245" ind1="0" ind2="0">
   <subfield code="a">IEEE transactions on dependable and secure computing</subfield>
  </datafield>
  <datafield tag="260" ind1=" " ind2=" ">
   <subfield code="a">Los Alamitos, CA :</subfield>
   <subfield code="b">IEEE Computer Society Publications Office,</subfield>
   <subfield code="c">2004-</subfield>
  </datafield>
  <datafield tag="300" ind1=" " ind2=" ">
   <subfield code="a">v. :</subfield>
   <subfield code="b">ill. ;</subfield>
   <subfield code="c">28 cm.</subfield>
  </datafield>
  <datafield tag="310" ind1=" " ind2=" ">
   <subfield code="a">Quarterly</subfield>
  </datafield>
  <datafield tag="362" ind1="0" ind2=" ">
   <subfield code="a">Vol.1, no.1(Jan./Mar. 2004) -</subfield>
  </datafield>
  <datafield tag="546" ind1=" " ind2=" ">
   <subfield code="a">English</subfield>
  </datafield>
  <datafield tag="535" ind1="0" ind2=" ">
   <subfield code="a">Κλειστό Βιβλιοστάσιο.</subfield>
  </datafield>
  <datafield tag="650" ind1=" " ind2="4">
   <subfield code="a">Fault-tolerant computing</subfield>
   <subfield code="v">Periodicals.</subfield>
  </datafield>
  <datafield tag="650" ind1=" " ind2="4">
   <subfield code="a">Computer security</subfield>
   <subfield code="v">Periodicals.</subfield>
  </datafield>
  <datafield tag="650" ind1=" " ind2="4">
   <subfield code="a">Computer systems</subfield>
   <subfield code="x">Reliability</subfield>
   <subfield code="v">Periodicals.</subfield>
  </datafield>
  <datafield tag="710" ind1="2" ind2=" ">
   <subfield code="a">IEEE Computer Society.</subfield>
  </datafield>
  <datafield tag="852" ind1=" " ind2=" ">
   <subfield code="a">INST</subfield>
   <subfield code="b">UNIPILB</subfield>
   <subfield code="c">SERIALS</subfield>
   <subfield code="e">20050406</subfield>
   <subfield code="h">Αλφαβητική σειρά</subfield>
   <subfield code="p">42169</subfield>
   <subfield code="q">42169</subfield>
   <subfield code="t">NOLOAN</subfield>
   <subfield code="v">vol.1;no.1:(Μήνας)Ιαν.;(Έτος)2004</subfield>
   <subfield code="y">23</subfield>
  </datafield>
  <datafield tag="852" ind1=" " ind2=" ">
   <subfield code="a">INST</subfield>
   <subfield code="b">UNIPILB</subfield>
   <subfield code="c">SERIALS</subfield>
   <subfield code="e">20050406</subfield>
   <subfield code="h">Αλφαβητική σειρά</subfield>
   <subfield code="p">42170</subfield>
   <subfield code="q">42170</subfield>
   <subfield code="t">NOLOAN</subfield>
   <subfield code="v">vol.1;no.2:(Μήνας)Απρ.;(Έτος)2004</subfield>
   <subfield code="y">23</subfield>
  </datafield>
  <datafield tag="852" ind1=" " ind2=" ">
   <subfield code="a">INST</subfield>
   <subfield code="b">UNIPILB</subfield>
   <subfield code="c">SERIALS</subfield>
   <subfield code="e">20051018</subfield>
   <subfield code="h">Αλφαβητική σειρά</subfield>
   <subfield code="p">47643</subfield>
   <subfield code="q">47643</subfield>
   <subfield code="t">NOLOAN</subfield>
   <subfield code="v">vol.1;no.3:(Μήνας)Ιούλ.;(Έτος)2004</subfield>
   <subfield code="y">23</subfield>
  </datafield>
  <datafield tag="852" ind1=" " ind2=" ">
   <subfield code="a">INST</subfield>
   <subfield code="b">UNIPILB</subfield>
   <subfield code="c">SERIALS</subfield>
   <subfield code="e">20051018</subfield>
   <subfield code="h">Αλφαβητική σειρά</subfield>
   <subfield code="p">47644</subfield>
   <subfield code="q">47644</subfield>
   <subfield code="t">NOLOAN</subfield>
   <subfield code="v">vol.1;no.4:(Μήνας)Οκτ.;(Έτος)2004</subfield>
   <subfield code="y">23</subfield>
  </datafield>
  <datafield tag="852" ind1=" " ind2=" ">
   <subfield code="a">INST</subfield>
   <subfield code="b">UNIPILB</subfield>
   <subfield code="c">SERIALS</subfield>
   <subfield code="e">20051129</subfield>
   <subfield code="h">Αλφαβητική σειρά</subfield>
   <subfield code="p">48864</subfield>
   <subfield code="q">48864</subfield>
   <subfield code="t">NOLOAN</subfield>
   <subfield code="v">vol.2;no.1:(Μήνες)January-March;(Έτος)2005</subfield>
   <subfield code="y">23</subfield>
  </datafield>
  <datafield tag="852" ind1=" " ind2=" ">
   <subfield code="a">INST</subfield>
   <subfield code="b">UNIPILB</subfield>
   <subfield code="c">SERIALS</subfield>
   <subfield code="e">20051129</subfield>
   <subfield code="h">Αλφαβητική σειρά</subfield>
   <subfield code="p">48865</subfield>
   <subfield code="q">48865</subfield>
   <subfield code="t">NOLOAN</subfield>
   <subfield code="v">vol.2;no.2:(Μήνες)April-June;(Έτος)2005</subfield>
   <subfield code="y">23</subfield>
  </datafield>
  <datafield tag="852" ind1=" " ind2=" ">
   <subfield code="a">INST</subfield>
   <subfield code="b">UNIPILB</subfield>
   <subfield code="c">SERIALS</subfield>
   <subfield code="e">20051129</subfield>
   <subfield code="h">Αλφαβητική σειρά</subfield>
   <subfield code="p">48866</subfield>
   <subfield code="q">48866</subfield>
   <subfield code="t">NOLOAN</subfield>
   <subfield code="v">vol.2;no.3:(Μήνες)July-September;(Έτος)2005</subfield>
   <subfield code="y">23</subfield>
  </datafield>
  <datafield tag="852" ind1=" " ind2=" ">
   <subfield code="a">INST</subfield>
   <subfield code="b">UNIPILB</subfield>
   <subfield code="c">SERIALS</subfield>
   <subfield code="e">20060705</subfield>
   <subfield code="h">Αλφαβητική σειρά</subfield>
   <subfield code="p">51797</subfield>
   <subfield code="q">51797</subfield>
   <subfield code="t">NOLOAN</subfield>
   <subfield code="v">vol.2;no.4:(Μήνες)October-December;(Έτος)2005</subfield>
   <subfield code="y">23</subfield>
  </datafield>
  <datafield tag="852" ind1=" " ind2=" ">
   <subfield code="a">INST</subfield>
   <subfield code="b">UNIPILB</subfield>
   <subfield code="c">SERIALS</subfield>
   <subfield code="e">20070911</subfield>
   <subfield code="h">Αλφαβητική σειρά</subfield>
   <subfield code="p">56952</subfield>
   <subfield code="q">56952</subfield>
   <subfield code="t">NOLOAN</subfield>
   <subfield code="v">vol.3;no.1:(Μήνες)January-March;(Έτος)2006</subfield>
   <subfield code="y">23</subfield>
  </datafield>
  <datafield tag="852" ind1=" " ind2=" ">
   <subfield code="a">INST</subfield>
   <subfield code="b">UNIPILB</subfield>
   <subfield code="c">SERIALS</subfield>
   <subfield code="e">20070911</subfield>
   <subfield code="h">Αλφαβητική σειρά</subfield>
   <subfield code="p">56953</subfield>
   <subfield code="q">56953</subfield>
   <subfield code="t">NOLOAN</subfield>
   <subfield code="v">vol.3;no.2:(Μήνες)April-June;(Έτος)2006</subfield>
   <subfield code="y">23</subfield>
  </datafield>
  <datafield tag="852" ind1=" " ind2=" ">
   <subfield code="a">INST</subfield>
   <subfield code="b">UNIPILB</subfield>
   <subfield code="c">SERIALS</subfield>
   <subfield code="e">20070911</subfield>
   <subfield code="h">Αλφαβητική σειρά</subfield>
   <subfield code="p">56954</subfield>
   <subfield code="q">56954</subfield>
   <subfield code="t">NOLOAN</subfield>
   <subfield code="v">vol.3;no.3:(Μήνες)July-September;(Έτος)2006</subfield>
   <subfield code="y">23</subfield>
  </datafield>
  <datafield tag="852" ind1=" " ind2=" ">
   <subfield code="a">INST</subfield>
   <subfield code="b">UNIPILB</subfield>
   <subfield code="c">SERIALS</subfield>
   <subfield code="e">20070911</subfield>
   <subfield code="h">Αλφαβητική σειρά</subfield>
   <subfield code="p">56955</subfield>
   <subfield code="q">56955</subfield>
   <subfield code="t">NOLOAN</subfield>
   <subfield code="v">vol.3;no.4:(Μήνες)October-December;(Έτος)2006</subfield>
   <subfield code="y">23</subfield>
  </datafield>
  <datafield tag="852" ind1=" " ind2=" ">
   <subfield code="a">INST</subfield>
   <subfield code="b">UNIPILB</subfield>
   <subfield code="c">SERIALS</subfield>
   <subfield code="e">20071129</subfield>
   <subfield code="h">Αλφαβητική σειρά</subfield>
   <subfield code="p">58688</subfield>
   <subfield code="q">58688</subfield>
   <subfield code="t">NOLOAN</subfield>
   <subfield code="v">vol.4;no.1:(Μήνες)Jan./Mar.;(Έτος)2007</subfield>
   <subfield code="y">23</subfield>
  </datafield>
  <datafield tag="852" ind1=" " ind2=" ">
   <subfield code="a">INST</subfield>
   <subfield code="b">UNIPILB</subfield>
   <subfield code="c">SERIALS</subfield>
   <subfield code="e">20071129</subfield>
   <subfield code="h">Αλφαβητική σειρά</subfield>
   <subfield code="p">58689</subfield>
   <subfield code="q">58689</subfield>
   <subfield code="t">NOLOAN</subfield>
   <subfield code="v">vol.4;no.2:(Μήνες)Apr./Jun.;(Έτος)2007</subfield>
   <subfield code="y">23</subfield>
  </datafield>
  <datafield tag="852" ind1=" " ind2=" ">
   <subfield code="a">INST</subfield>
   <subfield code="b">UNIPILB</subfield>
   <subfield code="c">SERIALS</subfield>
   <subfield code="e">20071129</subfield>
   <subfield code="h">Αλφαβητική σειρά</subfield>
   <subfield code="p">58690</subfield>
   <subfield code="q">58690</subfield>
   <subfield code="t">NOLOAN</subfield>
   <subfield code="v">vol.4;no.3:(Μήνες)Jul./Aug.;(Έτος)2007</subfield>
   <subfield code="y">23</subfield>
  </datafield>
  <datafield tag="852" ind1=" " ind2=" ">
   <subfield code="a">INST</subfield>
   <subfield code="b">UNIPILB</subfield>
   <subfield code="c">SERIALS</subfield>
   <subfield code="e">20080110</subfield>
   <subfield code="h">Αλφαβητική σειρά</subfield>
   <subfield code="p">59401</subfield>
   <subfield code="q">59401</subfield>
   <subfield code="t">NOLOAN</subfield>
   <subfield code="v">vol.4;no.4:(Μήνες)October-December;(Έτος)2007</subfield>
   <subfield code="y">23</subfield>
  </datafield>
  <datafield tag="856" ind1="4" ind2="1">
   <subfield code="u">http://ieeexplore.ieee.org/xpl/tocresult.jsp?isnumber=6134781</subfield>
  </datafield>
  <datafield tag="900" ind1=" " ind2=" ">
   <subfield code="a">Vol. 5 no. 1 (Ιαν. 2008)</subfield>
   <subfield code="b">Οφειλόμενο</subfield>
   <subfield code="c">25/03/2009</subfield>
  </datafield>
  <datafield tag="950" ind1=" " ind2=" ">
   <subfield code="a">01/01/2004</subfield>
   <subfield code="c">SWETS INFORMATION SERVICES</subfield>
   <subfield code="d">347</subfield>
  </datafield>
  <datafield tag="951" ind1=" " ind2=" ">
   <subfield code="a">Vol. 4 no. 4  (October-December 2007)</subfield>
   <subfield code="b">Main run</subfield>
  </datafield>
  <datafield tag="951" ind1=" " ind2=" ">
   <subfield code="a">Vol. 1 no. 1 (Ιαν. 2004) - Vol. 1 no. 4 (Οκτ. 2004)</subfield>
   <subfield code="b">Main run</subfield>
  </datafield>
  <datafield tag="951" ind1=" " ind2=" ">
   <subfield code="a">Vol. 2 no. 1  (January-March 2005)</subfield>
   <subfield code="b">Main run</subfield>
  </datafield>
  <datafield tag="951" ind1=" " ind2=" ">
   <subfield code="a">Vol. 2 no. 2  (April-June 2005)</subfield>
   <subfield code="b">Main run</subfield>
  </datafield>
  <datafield tag="951" ind1=" " ind2=" ">
   <subfield code="a">Vol. 2 no. 3  (July-September 2005)</subfield>
   <subfield code="b">Main run</subfield>
  </datafield>
  <datafield tag="951" ind1=" " ind2=" ">
   <subfield code="a">Vol. 2 no. 4  (October-December 2005)</subfield>
   <subfield code="b">Main run</subfield>
  </datafield>
  <datafield tag="951" ind1=" " ind2=" ">
   <subfield code="a">Vol. 3 no. 1  (January-March 2006)</subfield>
   <subfield code="b">Main run</subfield>
  </datafield>
  <datafield tag="951" ind1=" " ind2=" ">
   <subfield code="a">Vol. 3 no. 2  (April-June 2006)</subfield>
   <subfield code="b">Main run</subfield>
  </datafield>
  <datafield tag="951" ind1=" " ind2=" ">
   <subfield code="a">Vol. 3 no. 3  (July-September 2006)</subfield>
   <subfield code="b">Main run</subfield>
  </datafield>
  <datafield tag="951" ind1=" " ind2=" ">
   <subfield code="a">Vol. 3 no. 4  (October-December 2006)</subfield>
   <subfield code="b">Main run</subfield>
  </datafield>
  <datafield tag="951" ind1=" " ind2=" ">
   <subfield code="a">Vol. 4 no. 1  (Jan./Mar. 2007)</subfield>
   <subfield code="b">Main run</subfield>
  </datafield>
  <datafield tag="951" ind1=" " ind2=" ">
   <subfield code="a">Vol. 4 no. 2  (Apr./Jun. 2007)</subfield>
   <subfield code="b">Main run</subfield>
  </datafield>
  <datafield tag="951" ind1=" " ind2=" ">
   <subfield code="a">Vol. 4 no. 3  (Jul./Aug. 2007)</subfield>
   <subfield code="b">Main run</subfield>
  </datafield>
 </record>
</collection>
